The Contracts (Rights of Third Parties) Act 1999 and commercial leases (Record no. 64030)
[ view plain ]
| 000 -LEADER | |
|---|---|
| fixed length control field | 01034cam a2200253 4500 |
| 001 - CONTROL NUMBER | |
| control field | ABS62515 |
| 008 - FIXED-LENGTH DATA ELEMENTS--GENERAL INFORMATION | |
| fixed length control field | 000000n2000 000 0 eng u |
| 035 ## - SYSTEM CONTROL NUMBER | |
| System control number | (Sirsi) u107079 |
| 100 ## - MAIN ENTRY--PERSONAL NAME | |
| Personal name | Shelton, M. |
| 245 #4 - TITLE STATEMENT | |
| Title | The Contracts (Rights of Third Parties) Act 1999 and commercial leases |
| 260 ## - PUBLICATION, DISTRIBUTION, ETC. | |
| Date of publication, distribution, etc. | 2000 |
| 490 ## - SERIES STATEMENT | |
| Series statement | Rent Review and Lease Renewal |
| Volume/sequential designation | 73(119) Part 2 June 2000, 89-93(5) |
| 520 ## - SUMMARY, ETC. | |
| Summary, etc. | Examines the Contracts (Rights of Third Parties) Act 1999 which came into force 11 November 1999, in the context of commercial leases. Outlines the main features of the Act and also considers some of the technical problems which can occur. Suggests that problems can be solved by careful drafting of appropriate lease terms. |
| 590 ## - LOCAL NOTE (RLIN) | |
| Local note | ABS |
| 650 ## - SUBJECT ADDED ENTRY--TOPICAL TERM | |
| Topical term or geographic name entry element | CONTRACTS (RIGHTS OF THIRD PARTIES) ACT 1999 |
| 650 ## - SUBJECT ADDED ENTRY--TOPICAL TERM | |
| Topical term or geographic name entry element | COMMERCIAL LEASES |
| 650 ## - SUBJECT ADDED ENTRY--TOPICAL TERM | |
| Topical term or geographic name entry element | LEASE TERMS |
| 650 ## - SUBJECT ADDED ENTRY--TOPICAL TERM | |
| Topical term or geographic name entry element | DRAFTING |
| 650 ## - SUBJECT ADDED ENTRY--TOPICAL TERM | |
| Topical term or geographic name entry element | SUBLEASE |
| 650 ## - SUBJECT ADDED ENTRY--TOPICAL TERM | |
| Topical term or geographic name entry element | LEASE RENEWAL |
| 650 ## - SUBJECT ADDED ENTRY--TOPICAL TERM | |
| Topical term or geographic name entry element | THIRD PARTIES |
| 690 ## - LOCAL SUBJECT ADDED ENTRY--TOPICAL TERM (OCLC, RLIN) | |
| Topical term or geographic name as entry element | LANDLORD AND TENANT-LEASES |
| 942 ## - ADDED ENTRY ELEMENTS (KOHA) | |
| Suppress in OPAC | 0 |
| Withdrawn status | Lost status | Source of classification or shelving scheme | Damaged status | Not for loan | Home library | Current library | Shelving location | Date acquired | Total Checkouts | Full call number | Barcode | Date last seen | Copy number | Price effective from | Koha item type |
|---|---|---|---|---|---|---|---|---|---|---|---|---|---|---|---|
| Dewey Decimal Classification | London | London | Journal article | 11/07/2000 | ABS62515 | 107079-1001 | 06/08/2019 | 1 | 06/08/2019 | Journal article |